| 000 | 00426nam a2200121Ia 4500 | ||
|---|---|---|---|
| 008 | 231221s9999 xx 000 0 und d | ||
| 041 | _aEnglish | ||
| 082 | _aQPMBBSUG07-1735 | ||
| 245 | 0 | _aPaediatrics Part-II [e resource : question paper] : Final MBBS degree exam, Sep/Oct 2007 (518) | |
| 260 |
_c2007/10 _bNTRU _aAndra Pradesh |
||
| 650 | _aPaediatrics,II,Final,MBBSdegree,exam,sept/oct,2007,[e,:,paper],(518) | ||
| 942 | _cDL | ||
| 999 |
_c205608 _d205608 |
||